000 00730nam a2200265 i 4500
001 C2-0238266
003 PPAK
005 20180727201446.0
008 020409s2002 my a|||| ||||| | eng d
020 _a9830245713
040 _aPPAK
_beng
_cPPAK
_erda
082 0 4 _a823
_223
090 0 0 _a823
_bLAU
_dK
100 1 _aLau, Siew Deng,
_eauthor
245 1 2 _aA new beginning
264 1 _aPetaling Jaya, Selangor :
_bVital Star ,
_c2002
300 _a76 pages :
_billustrations ;
_c19 cm
336 _2rdacontent
_atext
337 _2rdamedia
_aunmediated
338 _2rdacarrier
_avolume
490 1 _aEast coast adventures
650 1 0 _aChildren's stories, English
830 0 _aEast coast adventures
942 _ddc
_cB
999 _c53713
_d53713